000 00462nam a22001337a 4500
008 140918b xxu||||| |||| 00| 0 eng d
050 _aJA1.A6(1994 No. 2)
245 _aAmerican political science review June 1994:
_bvol. 88, No.2. /
_cedited by Melissa P. Collie and G. Bingham Powell
260 _aWashington:
_bA.P.S.A.,
_c1994.
300 _aiv, 524p.
_c27cm.
440 _nNo. 2
_vVol. 88
800 _aCollie, Mellissa P.
_aPowell, G. Bingham
942 _2lcc
_cBK
999 _c5000
_d12500